000 01739nam a22001577a 4500
999 _c524874
_d524874
008 240124b ||||| |||| 00| 0 eng d
100 _aNayak, Ramesh Chandra
_948256
245 _aCoherent elemental etiology of domestic violence in India from gender perspective
260 _aThe Indian Police Journal
300 _a69(2), Apr-Jun, 2022: p.65-80
520 _aDomestic Violence, being a cataclysmic socio-psychological menace jeopardizes the victims’ wellbeing in India. Researchers claim its coherent seedbeds being masculinity, patriarchy, role segregation, economic inequality and subordination. The gender schema perspective confides these factors to the masculine socialisation in a patriarchal soapbox. Strain and feminist perspectives and family violence approach view its amplification and reproduction rooted in the malfunction of social structure, unequal power relations, gender subordination and family disorganization respectively. Thereupon, in spite of decreeing brassbound and germane legislations, its occurrence seems multiplying with anticlockwise reporting trend. Thus, there may be some bottlenecks in the execution strategies due to inadequate facts about its elemental factors available to the executers. Thus, the need of the hour is to reach at the root of the problem through candid and sensible researches on Domestic Violence and enforce sensitised and integrated participation of the concerned stakeholders in the execution of the laws and awareness creation processes.- Reproduced https://bprd.nic.in/WriteReadData/userfiles/file/202309260501129197672April-June,2022(F).pdf
650 _aDomestic violence
_948257
773 _aThe Indian Police Journal
906 _aCRIMES
942 _cAR